[Event "EIO (Open)"]
[Site "Pocatello, ID"]
[Date "2007.10.06"]
[Round "2.2"]
[White "Morrow, Hans M"]
[Black "Hansen, Douglas John"]
[Result "1-0"]
[WhiteElo "1900"]
[BlackElo "1692"]

1. e4 g6 2. d4 Bg7 3. Nf3 d6 4. h3 Nf6 5. Bd3 O-O 6. c4 Nbd7 7. Nc3 c5 8. d5
Ne8 9. Qc2 Ne5 10. Nxe5 Bxe5 11. Be3 Qa5 12. Bd2 a6 13. O-O Qd8 14. Ne2 Bd7
15. f4 Bg7 16. Rf3 b5 17. Raf1 Qb6 18. b3 f5 19. exf5 Bxf5 20. Bxf5 Rxf5 21.
g4 Rf7 22. Kg2 Nc7 23. f5 bxc4 24. fxg6 Rxf3 25. gxh7+ Kh8 26. Rxf3 Nxd5 27.
bxc4 Nf6 28. Bc3 e5 29. Ng3 Nxh7 30. Qg6 Rd8 31. Rf7 Qc6+ 32. Kh2 Rg8 33. Bxe5
dxe5 {#r} 1-0

[Event "EIO (Open)"]
[Site "Pocatello, ID"]
[Date "2007.10.06"]
[Round "2.5"]
[White "Patterson, Emily N"]
[Black "Harmon-Vellotti, Carl Honor"]
[Result "0-1"]
[WhiteElo "1056"]
[BlackElo "1541"]

1. e4 c6 2. d4 d5 3. e5 Bf5 4. c4 e6 5. f4 c5 6. Nf3 Nc6 7. Nc3 dxc4 8. dxc5
Qxd1+ 9. Nxd1 Nb4 10. Kd2 Bxc5 11. Bxc4 Rd8+ 12. Kc3 Ne7 13. Bb5+ Kf8 14. a3
Nc2 15. Ra2 a6 16. Be2 Nd4 17. Nxd4 Bxd4+ 18. Kb3 Rc8 19. Be3 Bc2+ 20. Kb4
Nd5+ 21. Ka5 Rc5+ 22. Bb5 Rxb5# 0-1

[Event "EIO (Open)"]
[Site "Pocatello, ID"]
[Date "2007.10.06"]
[Round "3.2"]
[White "Zumbrunnen, Randy D"]
[Black "Harmon-Vellotti, Luke"]
[Result "1-0"]
[WhiteElo "2000"]
[BlackElo "1667"]

1. e4 e6 2. d3 d5 3. Nd2 c5 4. Ngf3 Nc6 5. g3 Bd6 6. Bg2 Nge7 7. O-O O-O 8.
Re1 Ng6 9. c3 Bd7 10. a3 b5 11. d4 c4 12. e5 Be7 13. h4 Re8 14. Nf1 a5 15. Ng5
h6 16. Nh3 b4 17. axb4 axb4 18. Rxa8 Qxa8 19. Qg4 Kh8 20. Bxd5 bxc3 21. bxc3
Qa4 22. Be4 Nf8 23. Qf3 Kg8 24. Nh2 Nh7 25. Bxh7+ Kxh7 26. Qxf7 Qc2 27. Bxh6
Kxh6 28. Ng4+ Kh7 29. Nf6+ Bxf6 30. exf6 Qg6 31. Ng5+ Kh6 32. Qxd7 {#r} 1-0

[Event "EIO (Open)"]
[Site "Pocatello, ID"]
[Date "2007.10.06"]
[Round "3.4"]
[White "Hansen, Douglas John"]
[Black "Vander Sys, Sean R"]
[Result "0-1"]
[WhiteElo "1692"]
[BlackElo "1539"]

1. e4 Nf6 2. d3 e5 3. f4 exf4 4. Bxf4 Nc6 5. Nf3 Bc5 6. h3 O-O 7. Nbd2 Re8 8.
Be2 d5 9. Nb3 Bb6 10. e5 Nh5 11. Bh2 Nxe5 12. Nxe5 Qh4+ 13. Kd2 Rxe5 14. Bxe5
Qg5+ 15. Kc3 Qxe5+ 16. d4 Qe3+ 17. Qd3 Qxd3+ 18. Kxd3 Nf4+ 19. Kd2 Nxe2 20.
Kxe2 Bf5 21. c3 Re8+ 22. Kf2 g6 23. Rhe1 Be4 24. g4 c6 25. Nd2 Bd8 26. Nxe4
dxe4 27. Kg3 Bc7+ 28. Kf2 Bd8 29. Kg3 Bc7+ 30. Kg2 Bf4 31. Re2 g5 32. Rf1 Kg7
33. Rfe1 e3 34. Kf3 Kg6 35. Rxe3 Rxe3+ 36. Rxe3 Bxe3 37. Kxe3 f5 38. gxf5+
Kxf5 39. Kf3 h5 40. a4 a5 41. b4 axb4 42. cxb4 g4+ 43. hxg4+ hxg4+ 44. Kg3 Ke4
45. Kxg4 Kxd4 46. b5 cxb5 47. axb5 Kc5 48. Kf4 Kxb5 49. Ke3 Kb4 50. Kd4 b5
{#R} 0-1

[Event "EIO (Open)"]
[Site "Pocatello, ID"]
[Date "2007.10.06"]
[Round "3.6"]
[White "Yeaman, Donald"]
[Black "Owen, Gary"]
[Result "0-1"]
[WhiteElo "1193"]
[BlackElo "1545"]

1. e4 e6 2. a3 d5 3. exd5 exd5 4. Be2 Nf6 5. d4 Nc6 6. Nf3 Bd6 7. c3 O-O 8.
Bg5 h6 9. Bh4 Bg4 10. Nbd2 g5 11. Nxg5 Bxe2 12. Kxe2 Qe7+ 13. Kd3 hxg5 14.
Bxg5 Qe6 15. Bxf6 Qf5+ 16. Ke2 Rfe8+ 17. Kf1 Qxf6 18. g3 Qg6 19. Kg2 Re6 20.
Nf3 Rae8 21. Nh4 Qe4+ 22. f3 Qe2+ 23. Qxe2 Rxe2+ 24. Kh3 Rxb2 25. f4 Na5 26.
Nf5 Bf8 27. Kg4 Nb3 28. Rag1 Nd2 29. h4 Ne4 30. Kh5 Re6 31. g4 Rbb6 32. g5 Kh7
33. Kg4 Nf2+ 34. Kh5 Nxh1 35. Rxh1 Bxa3 36. Kg4 Bb2 37. h5 Kh8 38. g6 fxg6 39.
hxg6+ Kg8 40. g7 Rg6+ 41. Kf3 Kf7 42. Rh7 Rbf6 43. Rh8 Rxf5 44. Rf8+ Kxg7 45.
Rxf5 c6 46. Re5 Kf6 47. f5 Rg5 48. Re8 Rxf5+ 49. Kg4 Rg5+ 50. Kf3 Bxc3 51. Kf4
Bd2+ 52. Kf3 a5 53. Rb8 b5 54. Rc8 a4 55. Rxc6+ Ke7 56. Rb6 b4 57. Rb7+ Kd6
58. Ke2 Bc3 59. Kd3 a3 60. Ra7 Rg2 {#R} 0-1

[Event "EIO (Open)"]
[Site "Pocatello, ID"]
[Date "2007.10.07"]
[Round "4.3"]
[White "Harmon-Vellotti, Luke"]
[Black "Hansen, Douglas John"]
[Result "0-1"]
[WhiteElo "1667"]
[BlackElo "1692"]

1. e4 g6 2. d4 Bg7 3. Nf3 d6 4. Nc3 Bg4 5. Be2 Nd7 6. h3 Bxf3 7. Bxf3 c5 8.
Be3 cxd4 9. Bxd4 Ne5 10. Be2 Nf6 11. O-O O-O 12. Bxe5 dxe5 13. Qxd8 Rfxd8 14.
Rad1 a6 15. a4 Rd4 16. Bd3 Rad8 17. g3 Kf8 18. Kg2 Ke8 19. b3 e6 20. Rfe1 Bf8
21. Ne2 R4d7 22. Ng1 Bb4 23. Re2 Bc3 24. Nf3 Ke7 25. Kf1 Ne8 26. Nd2 b5 27.
Nb1 Ba5 28. axb5 axb5 29. Na3 Nc7 30. Ra1 Bc3 31. Ra2 Ra8 32. Nxb5 Rxa2 33.
Nxc3 Ra1+ 34. Re1 Rxe1+ 35. Kxe1 f5 36. f3 Rd8 37. Ke2 Ra8 38. Na4 Kd6 39. Kd2
Kc6 40. Bc4 Rd8+ 41. Bd3 Nb5 42. c3 Nd6 43. Ke2 f4 44. g4 h5 45. Kd2 hxg4 46.
hxg4 Rh8 47. c4 Rh2+ 48. Ke1 Ra2 49. Kd1 Nb7 50. Nc3 Rf2 51. Be2 Nc5 52. b4
Nb3 53. b5+ Kc7 54. Ke1 Rh2 55. Kf1 Nd4 56. c5 Rh1+ 57. Kf2 Rc1 58. b6+ Kb7
59. Nb5 Rxc5 60. Nd6+ Kxb6 61. Nc4+ Kc7 62. Nd2 Rc2 63. Ke1 Kc6 64. Bd3 Rc1+
65. Kf2 Rd1 66. Nc4 Kc5 67. Nxe5 Nc6 68. Be2 Rd2 69. Nxg6 e5 70. Ke1 Rd8 71.
Nh4 Nd4 72. Nf5 Ra8 73. Nxd4 Kxd4 74. Kf2 Ra2 75. g5 Ra8 76. Bb5 Rg8 77. Bd7
Rxg5 78. Bf5 Rg7 79. Be6 Rb7 80. Bg4 Rb2+ 81. Ke1 Ke3 82. Kd1 Rf2 83. Ke1 Rxf3
{#R} 0-1

[Event "EIO (Open)"]
[Site "Pocatello, ID"]
[Date "2007.10.07"]
[Round "4.4"]
[White "Owen, Gary"]
[Black "Harmon-Vellotti, Carl Honor"]
[Result "0-1"]
[WhiteElo "1545"]
[BlackElo "1541"]

1. e4 c6 2. d4 d5 3. Nc3 dxe4 4. Nxe4 Bf5 5. Ng3 Bg6 6. h4 h6 7. Nf3 Nd7 8.
Bd3 Bxd3 9. Qxd3 e6 10. Bf4 Qb6 11. O-O-O O-O-O 12. Ne4 Ngf6 13. Nd6+ Bxd6 14.
Bxd6 Qa5 15. Kb1 Nd5 16. Qd2 Qxd2 17. Rxd2 N7b6 18. Bc5 Nc4 19. Rdd1 b6 20.
Bxb6 axb6 21. Rde1 Rhf8 22. b3 Nd6 23. c4 Nf6 24. Ne5 Kc7 25. f3 Nf5 26. d5
exd5 27. g4 Nd4 28. g5 hxg5 29. hxg5 Nd7 30. f4 Nxe5 31. Rxe5 Rfe8 32. Rhe1
Rxe5 33. Rxe5 dxc4 34. bxc4 Kd7 35. Kb2 Re8 {#R} 0-1

[Event "EIO (Open)"]
[Site "Pocatello, ID"]
[Date "2007.10.07"]
[Round "4.5"]
[White "Patterson, Emily N"]
[Black "Yeaman, Donald"]
[Result "0-1"]
[WhiteElo "1056"]
[BlackElo "1193"]

1. e4 e6 2. d4 d5 3. Nc3 Ne7 4. e5 g6 5. f4 Bg7 6. Nf3 Bd7 7. b3 a6 8. Bb2
Nbc6 9. Bd3 Nb4 10. Ba3 Nxd3+ 11. Qxd3 Bc6 12. Bxe7 Qxe7 13. g4 O-O-O 14. Na4
Bf8 15. Nc5 Qe8 16. b4 Bxc5 17. bxc5 Qe7 18. O-O h6 19. Rab1 Qd7 20. Nd2 Bb5
21. Qb3 c6 22. Rfe1 Qe7 23. a4 Bc4 24. Nxc4 dxc4 25. Qxc4 Rd7 26. Re3 g5 27.
Reb3 Rc7 28. Rb6 gxf4 29. Qb4 Rg8 30. Rxa6 Rxg4+ 31. Kf2 Qh4+ 32. Kf1 Qh3+ 33.
Ke1 Qe3+ 34. Kd1 Rg1+ 35. Qe1 Qxe1# 0-1

[Event "EIO (Open)"]
[Site "Pocatello, ID"]
[Date "2007.10.07"]
[Round "5.1"]
[White "Morrow, Hans M"]
[Black "Zumbrunnen, Randy D"]
[Result "0-1"]
[WhiteElo "1900"]
[BlackElo "2000"]

1. d4 d5 2. c4 e6 3. Nc3 c5 4. cxd5 exd5 5. Nf3 Nc6 6. h3 Nf6 7. Bg5 cxd4 8.
Nxd4 Be7 9. e3 O-O 10. Be2 h6 11. Bh4 Qb6 12. Rb1 Be6 13. O-O Rad8 14. a3 Nxd4
15. exd4 a6 16. Re1 g5 17. Bg3 Ne4 18. Bf3 Nxg3 19. fxg3 Bf6 20. Ne2 Bf5 21.
Qd2 Bxb1 22. Rxb1 Rfe8 23. Kh2 Bg7 24. b4 f5 25. Qd3 Qe6 26. Nc3 g4 27. hxg4
fxg4 28. Be2 Qe3 29. Rd1 Rc8 30. Nxd5 Qxe2 31. Qb3 Kh8 32. Nf4 Qc2 33. Qxc2
Rxc2 34. d5 Bf8 35. d6 Rd8 36. d7 Rc6 37. a4 Bxb4 38. Rd5 Rd6 39. Re5 R8xd7
40. Re8+ Kg7 41. Nh5+ Kf7 42. Re4 Rd4 43. Re2 Rd2 44. Re4 R7d4 45. Re3 Rc2 46.
Nf4 Rc1 47. Ne2 Re1 {#R} 0-1

[Event "EIO (Open)"]
[Site "Pocatello, ID"]
[Date "2007.10.07"]
[Round "5.4"]
[White "Harmon-Vellotti, Carl Honor"]
[Black "Hansen, Douglas John"]
[Result "0-1"]
[WhiteElo "1541"]
[BlackElo "1692"]

1. c4 g6 2. Nc3 Bg7 3. Nf3 d6 4. g3 Nf6 5. Bg2 O-O 6. O-O c6 7. d3 Bg4 8. h3
Bd7 9. Qc2 Qc8 10. Kh2 Na6 11. a3 Nc7 12. b4 d5 13. Bb2 dxc4 14. dxc4 Bf5 15.
Qb3 a6 16. Na4 Nd7 17. Bxg7 Kxg7 18. Nd4 Be6 19. Nxe6+ Nxe6 20. Rad1 Qc7 21.
Qc3+ Kg8 22. Rxd7 Qxd7 23. Nb6 Qd6 24. Nxa8 Rxa8 25. c5 Qd7 26. f4 Rd8 27. Rf3
Qd2 28. e4 Qxc3 29. Rxc3 Rd2 30. Kg1 Nd4 31. Kf1 f6 32. Kg1 Ne2+ {#R} 0-1

[Event "EIO (Open)"]
[Site "Pocatello, ID"]
[Date "2007.10.07"]
[Round "5.6"]
[White "Owen, Gary"]
[Black "Patterson, Emily N"]
[Result "1/2-1/2"]
[WhiteElo "1545"]
[BlackElo "1056"]

1. e4 e6 2. d4 d5 3. Nc3 Bb4 4. e5 c5 5. a3 Bxc3+ 6. bxc3 Qc7 7. Nf3 Nc6 8.
Be2 f6 9. Bf4 g5 10. Bg3 Qa5 11. O-O Qxc3 12. dxc5 g4 13. Nh4 f5 14. Re1 Bd7
15. Qb1 Nd4 16. Bd3 Rb8 17. Qb4 Qxb4 18. axb4 Ra8 19. c3 Nb5 20. Nxf5 exf5 21.
e6 Bc6 22. Be5 Nf6 23. Bxf6 Rf8 24. Be5 h5 25. Bxb5 Bxb5 26. Bd6 Rf6 27. Re5
Bc6 28. Ra5 a6 29. Re1 h4 30. e7 Bd7 31. f4 gxf3 32. gxf3 Rg6+ 33. Kf2 h3 34.
Rg1 Rxg1 35. Kxg1 Kf7 36. Kf2 Rg8 37. Ra1 Rg2+ 38. Ke3 Bb5 39. Re1 Rc2 40. Kd4
Rd2+ 41. Ke5 Rxh2 42. Kxf5 Rf2 43. Kg4 Bd7+ 44. Kg3 Rg2+ 45. Kh4 Rc2 46. f4
Rxc3 47. Rb1 Bc6 48. f5 d4 49. Be5 Kxe7 50. f6+ Kf7 51. Rb2 Bd7 52. Kg5 Rc4
53. Rd2 Rxb4 54. Bxd4 a5 55. Bc3 Rg4+ 56. Kh5 Bf5 57. Re2 Re4 58. Rxe4 Bxe4
59. Be5 h2 60. Bxh2 Kxf6 61. Bf4 Ke6 62. Bd2 a4 63. Bb4 Kd5 64. Kg5 Kc4 65.
Ba3 Kb5 66. Kf4 Bh1 67. Ke3 Bd5 68. Kd4 Bb3 69. Kc3 b6 70. cxb6 Kxb6 71. Kb4
Bd1 72. Bc1 Kc6 73. Ba3 Kd5 74. Bb2 Ke4 75. Ba3 Kd3 76. Bb2 Bc2 77. Bc3 Bb3
78. Bb2 Kc2 79. Be5 Kb1 80. Bc3 Ka2 81. Bd4 Bd5 {#d} 1/2-1/2

[Event "EIO (Reserve)"]
[Site "Pocatello, ID"]
[Date "2007.10.06"]
[Round "1.1"]
[White "Abderhalden, Katherine Louise"]
[Black "Avila, Joe L"]
[Result "1-0"]
[WhiteElo "1078"]
[BlackElo "673"]

1. d4 d5 2. e3 Nc6 3. Bd3 g6 4. c3 Bg7 5. f4 h5 6. Nf3 Bg4 7. Nbd2 Bf6 8. O-O
h4 9. h3 Be6 10. Ne5 Nxe5 11. fxe5 Bg7 12. Nf3 Qd7 13. Ng5 O-O-O 14. Nxe6 Qxe6
15. e4 f6 16. exd5 Qxd5 17. exf6 Nxf6 18. Bxg6 Kb8 19. Re1 Bf8 20. Qd3 Rg8 21.
Be4 Qd6 22. Bf3 Qg3 23. Qe2 Qxh3 24. Qf2 Rd6 25. Bf4 Rd7 26. Kf1 Ng4 27. gxh3
Nxf2 28. Kxf2 Rd6 29. Bxd6 cxd6 30. Rg1 Rh8 31. Rg4 Kc7 32. Rag1 Bh6 33. Rxh4
a5 34. Re4 Kd7 35. Bg4+ Ke8 36. a3 Rf8+ 37. Ke2 b5 38. b4 a4 39. d5 Bg7 40. c4
Kf7 41. Rf1+ Bf6 42. cxb5 Rb8 43. Bd7 Rb7 44. Bc6 Rb8 45. h4 Rc8 46. h5 Rd8
47. h6 Rg8 48. Kf3 Kg6 49. Rg1+ Bg5 50. Reg4 Rf8+ 51. Ke4 Rf5 52. Rxg5+ Rxg5
53. Rxg5+ Kxh6 54. Rg1 Kh5 55. b6 Kh4 56. b7 Kh3 57. b8=Q Kh2 58. Qg8 {#r} 1-0

[Event "EIO (Reserve)"]
[Site "Pocatello, ID"]
[Date "2007.10.06"]
[Round "2.2"]
[White "Abderhalden, Richard Robert"]
[Black "Patterson, Kevin R"]
[Result "1-0"]
[WhiteElo "1050"]
[BlackElo "812"]

1. e4 e5 2. Nf3 Nc6 3. c3 g6 4. d4 d6 5. Bb5 Bd7 6. Bc4 Qe7 7. Ng5 Nd8 8. Qf3
Qf6 9. Qd3 Bh6 10. Qg3 Ne6 11. Bxe6 Bxe6 12. d5 Bd7 13. O-O O-O-O 14. a4 c6
15. c4 c5 16. Nc3 a6 17. Be3 Qe7 18. Rfb1 a5 19. Nb5 Bxb5 20. axb5 b6 21. b4
Rd7 22. bxa5 Kb7 23. axb6 Kxb6 24. Ra6+ Kb7 25. Rba1 Qf6 26. Bxc5 Rd8 27. Qa3
{#r} 1-0

[Event "EIO (Reserve)"]
[Site "Pocatello, ID"]
[Date "2007.10.06"]
[Round "3.1"]
[White "Abderhalden, Katherine Louise"]
[Black "Abderhalden, Richard Robert"]
[Result "1-0"]
[WhiteElo "1078"]
[BlackElo "1050"]

1. d4 d6 2. e3 Nf6 3. Bd3 g6 4. c3 Bg7 5. f4 Nbd7 6. Nf3 O-O 7. O-O b6 8. Nbd2
c5 9. e4 cxd4 10. cxd4 Qc7 11. Nc4 b5 12. Ne3 Re8 13. f5 e5 14. fxg6 hxg6 15.
dxe5 dxe5 16. Ng5 a6 17. Qe1 Bh6 18. Nd5 Nxd5 19. exd5 Qd8 20. Nxf7 Qb6+ 21.
Kh1 Bxc1 22. Rxc1 Kg7 23. Qh4 Nf6 24. Qh6+ Kxf7 25. Bxg6+ {#r} 1-0

[Event "EIO (Reserve)"]
[Site "Pocatello, ID"]
[Date "2007.10.06"]
[Round "3.2"]
[White "Patterson, Kevin R"]
[Black "Avila, Joe L"]
[Result "1-0"]
[WhiteElo "812"]
[BlackElo "673"]

1. e4 e5 2. Nf3 h6 3. Nxe5 Bd6 4. Nf3 Nc6 5. d4 b6 6. Bc4 Qe7 7. e5 Bb7 8. O-O
Bb4 9. c3 g5 10. cxb4 Qxb4 11. b3 Rh7 12. Bd2 Qf8 13. Nc3 O-O-O 14. d5 g4 15.
Nh4 h5 16. dxc6 Bxc6 17. f3 Rg7 18. g3 Qc5+ 19. Kh1 Qxe5 20. Qe2 Qf6 21. Bd5
Ne7 22. Bxc6 dxc6 23. Ne4 Qe6 24. Rad1 Kb7 25. Bc3 Rgg8 26. Rxd8 Rxd8 27. Rd1
Nd5 28. Bb2 f5 29. Nc5+ bxc5 30. Qxe6 Rf8 31. f4 Nb4 32. Ba3 Na6 33. Nxf5 Kb6
34. Rb1 Rd8 35. b4 Rd5 36. bxc5+ Ka5 37. Qxc6 Rxc5 38. Bxc5 {#r} 1-0

[Event "EIO (Reserve)"]
[Site "Pocatello, ID"]
[Date "2007.10.07"]
[Round "4.1"]
[White "Patterson, Kevin R"]
[Black "Abderhalden, Katherine Louise"]
[Result "1/2-1/2"]
[WhiteElo "812"]
[BlackElo "1078"]

1. e4 e5 2. Nf3 Nc6 3. d4 exd4 4. c3 dxc3 5. Nxc3 Nf6 6. Bc4 Bc5 7. O-O O-O 8.
e5 Ng4 9. Bf4 Re8 10. Bxf7+ Kxf7 11. Ng5+ Kg8 12. Qxg4 d6 13. Qg3 dxe5 14. Be3
Bxe3 15. fxe3 Rf8 16. Rfe1 {#d} 1/2-1/2

[Event "EIO (Reserve)"]
[Site "Pocatello, ID"]
[Date "2007.10.07"]
[Round "4.2"]
[White "Abderhalden, Richard Robert"]
[Black "Avila, Joe L"]
[Result "1-0"]
[WhiteElo "1050"]
[BlackElo "673"]

1. e4 e5 2. Nf3 Nc6 3. c3 d6 4. d4 f6 5. Be3 Bd7 6. Nbd2 g5 7. Bd3 h5 8. Qc2
g4 9. Nh4 Be7 10. Nf5 Bxf5 11. exf5 Nh6 12. O-O-O Qd7 13. h3 O-O-O 14. Bxh6
Rxh6 15. hxg4 Rg8 16. f3 exd4 17. cxd4 Nxd4 18. Qc4 Qc6 19. Qxc6 Nxc6 20. Bc4
Rd8 21. Ne4 Nb4 22. Ng3 d5 23. Bb3 h4 24. Nh5 d4 25. Rxh4 d3 26. Rdh1 Bd6 27.
f4 b6 28. g5 fxg5 29. fxg5 Bf4+ 30. Nxf4 Rhd6 31. Kb1 d2 32. g6 Rf6 33. g7
Rxf5 34. Rh8 Rxh8 35. gxh8=Q+ Kb7 36. Ne6 Rf2 37. Qd8 Na6 38. Bd5+ {#r} 1-0

[Event "EIO (Reserve)"]
[Site "Pocatello, ID"]
[Date "2007.10.07"]
[Round "5.1"]
[White "Abderhalden, Katherine Louise"]
[Black "Abderhalden, Richard Robert"]
[Result "0-1"]
[WhiteElo "1078"]
[BlackElo "1050"]

1. d4 d6 2. e3 Nf6 3. Bd3 g6 4. c3 Bg7 5. f4 O-O 6. Nf3 Nbd7 7. O-O Re8 8. e4
e5 9. f5 b6 10. Bg5 Bb7 11. fxg6 fxg6 12. dxe5 dxe5 13. Bc4+ Kh8 14. Nbd2 c6
15. Be2 c5 16. h4 Qc7 17. Nh2 Bxe4 18. Nxe4 Nxe4 19. Bf3 Ng3 20. Bxa8 Nxf1 21.
Nxf1 Rxa8 22. Ng3 Bf6 23. Bxf6+ Nxf6 24. h5 Rg8 25. Qd2 Qg7 26. Re1 Nxh5 27.
Nxh5 gxh5 28. Re4 Re8 29. c4 Qg6 30. Qd7 Qe6 31. Qxa7 Qc6 32. Qf7 Qg6 33. Qxg6
hxg6 34. Kf2 Kg7 35. Kf3 Kf6 36. g4 h4 37. Kg2 g5 38. Kh3 Rd8 39. a3 Rd4 40.
Rxd4 exd4 41. b4 d3 42. bxc5 d2 43. cxb6 d1=Q 44. b7 Qb3+ 45. Kh2 Qxb7 46. a4
Qf3 47. a5 Qf2+ 48. Kh3 Qg1 49. a6 Qg3# 0-1

[Event "EIO (Open)"]
[Site "Pocatello, ID"]
[Date "2009.09.26"]
[Round "1.1"]
[White "Kircher, Caleb Paul"]
[Black "Morrow, Hans M"]
[Result "0-1"]
[WhiteElo "1557"]
[BlackElo "1912"]

1. d4 Nf6 2. Nf3 d5 3. e3 Bg4 4. Bd3 e6 5. Nbd2 c5 6. b3 Nc6 7. Bb2 cxd4 8.
exd4 Bd6 9. h3 Bh5 10. O-O O-O 11. g4 Bg6 12. Bxg6 fxg6 13. Re1 Qd7 14. Ne5
Bxe5 15. dxe5 Ne8 16. a3 Nc7 17. Qe2 Rf4 18. Qd3 Raf8 19. Re2 Qf7 20. Qg3 Nb5
21. c3 d4 22. c4 Nc3 23. Bxc3 dxc3 24. Qxc3 Rxf2 25. Qe3 Rf4 26. Rae1 Nd4 27.
Rg2 Nc2 28. Qg3 Nxe1 29. Qxe1 Qc7 30. Qe3 g5 31. Re2 b6 32. b4 h6 33. Qd3 Qf7
34. Re3 Qc7 35. Qg6 Qd7 36. Qc2 Rf2 37. Rd3 Qc6 38. Rg3 b5 39. Qd3 bxc4 40.
Qxc4 Qb6 41. Ne4 Rc2+ 42. Qc5 Rxc5 {#R} 0-1

[Event "EIO (Open)"]
[Site "Pocatello, ID"]
[Date "2009.09.26"]
[Round "1.2"]
[White "Roland, Jeffrey T"]
[Black "Abernathy, Caleb Patrick"]
[Result "1-0"]
[WhiteElo "1787"]
[BlackElo "1364"]

1. d4 e6 2. c4 d5 3. Nc3 Bb4 4. e3 c5 5. a3 Bxc3+ 6. bxc3 cxd4 7. cxd4 Nf6 8.
Nf3 Nbd7 9. Bd2 b6 10. cxd5 Nxd5 11. e4 N5f6 12. e5 Nd5 13. Bd3 Bb7 14. O-O
Rc8 15. Ng5 g6 16. Ne4 O-O 17. Bh6 Qh4 18. Bg5 Qh5 19. Be2 Nc3 20. Bxh5 Nxd1
21. Nd6 gxh5 22. Nxc8 Rxc8 23. Rfxd1 Kg7 24. Rac1 Kg6 25. Rxc8 Bxc8 26. Bh4 b5
27. Rc1 Nb6 28. Rc7 Kf5 29. f3 Bd7 30. Rxa7 Kf4 31. Bd8 Nc4 32. Rxd7 Nxa3 33.
Rxf7+ Ke3 34. Be7 Nc2 35. Bc5 Nxd4 36. Rd7 b4 37. Rxd4 b3 38. Rb4+ Kd3 39.
Rxb3+ Kc4 40. Rb4+ Kxc5 41. Rh4 Kd5 42. Rxh5 Kd4 43. f4 Ke4 44. g3 h6 45. Rxh6
Kf5 46. Rf6+ Kg4 47. Rxe6 Kh3 48. Rf6 Kg4 49. e6 Kh5 50. e7 {#r} 1-0

[Event "EIO (Open)"]
[Site "Pocatello, ID"]
[Date "2009.09.26"]
[Round "2.1"]
[White "Morrow, Hans M"]
[Black "Owen, Gary"]
[Result "1/2-1/2"]
[WhiteElo "1912"]
[BlackElo "1598"]

1. e4 c5 2. Nf3 d6 3. d4 cxd4 4. Nxd4 Nf6 5. Nc3 Nc6 6. Nb3 e6 7. Be2 Be7 8.
O-O O-O 9. f4 a6 10. a3 b5 11. Be3 Bb7 12. Bf3 Qc7 13. Qe2 Nd7 14. Rad1 Rfd8
15. g3 Nc5 16. Qf2 Na5 17. Nxa5 Qxa5 18. Bd4 b4 19. axb4 Qxb4 20. Rfe1 Rac8
21. Na2 Qa4 22. b3 Qc6 23. Nb4 Qb5 24. Nd3 Qc6 25. Bxc5 dxc5 26. Ne5 Qc7 27.
Nc4 Bc6 28. e5 Bd5 29. Ne3 Qb7 30. Nxd5 exd5 31. Qg2 Qb6 32. Bxd5 c4+ 33. Kh1
Bb4 34. Rf1 cxb3 35. Bxb3 Rxd1 36. Rxd1 Rd8 37. Rxd8+ Qxd8 38. Qd5 Qxd5+ 39.
Bxd5 Kf8 40. Kg2 Ke7 41. Kf3 f5 42. exf6+ gxf6 43. g4 Kd6 44. Bb3 h6 45. Ke4
Bd2 46. Kf5 Kc5 47. h4 a5 48. g5 fxg5 49. fxg5 hxg5 50. hxg5 Kb4 51. g6 Bc3
52. Ke6 a4 53. Bd5 Ka3 54. Bc6 Kb4 55. Kf7 a3 56. Bd5 Bd4 57. g7 Bxg7 58. Kxg7
Kc3 59. Bb3 a2 {#d} 1/2-1/2

[Event "EIO (Open)"]
[Site "Pocatello, ID"]
[Date "2009.09.26"]
[Round "2.2"]
[White "Laimana, Jershon"]
[Black "Roland, Jeffrey T"]
[Result "1-0"]
[WhiteElo "1434"]
[BlackElo "1787"]

1. e4 e6 2. d4 d5 3. e5 c5 4. Nf3 Nc6 5. Bb5 Bd7 6. O-O Nxe5 7. Nxe5 Bxb5 8.
Re1 Qb6 9. Nc3 Bc6 10. Qf3 Nf6 11. Bg5 Be7 12. Nxc6 Qxc6 13. dxc5 Qxc5 14.
Bxf6 gxf6 15. Rad1 O-O-O 16. Rd3 Kb8 17. Na4 Qxc2 18. Rb3 Rc8 19. Nc3 Rc6 20.
Qe3 Bc5 21. Qf4+ e5 22. Qf3 Rd8 23. Rf1 d4 24. Qxc6 Qxb3 25. Qxc5 Qc2 26. Qe7
Rc8 27. Nd1 Qg6 28. Qd6+ Ka8 29. b3 a6 30. Nb2 Rc2 31. Nc4 d3 32. Qd8+ Ka7 33.
Qb6+ Kb8 34. Qd8+ Ka7 35. a4 Qe4 36. a5 Rxc4 37. bxc4 Qxc4 38. Qb6+ Kb8 39.
Rb1 Qd5 40. Qxa6 d2 41. Qe2 {#r} 1-0

[Event "EIO (Open)"]
[Site "Pocatello, ID"]
[Date "2009.09.26"]
[Round "3.1"]
[White "Morrow, Hans M"]
[Black "Laimana, Jershon"]
[Result "1-0"]
[WhiteElo "1912"]
[BlackElo "1434"]

1. d4 c5 2. d5 e6 3. c4 b5 4. b3 Nf6 5. g3 Qb6 6. Nc3 a6 7. Bg2 Bb7 8. e4 d6
9. Nge2 Be7 10. O-O O-O 11. f4 exd5 12. Nxd5 Nxd5 13. cxd5 b4 14. Be3 Nd7 15.
g4 Qd8 16. Ng3 Bf6 17. g5 Bc3 18. Rc1 a5 19. Nf5 Nb6 20. Rxc3 bxc3 21. Qc2 Bc8
22. Ng3 a4 23. Qxc3 axb3 24. axb3 f6 25. h4 Ra7 26. f5 Nd7 27. Bf4 Ne5 28. Nh5
c4 29. gxf6 Rxf6 30. Nxf6+ gxf6 31. Bxe5 dxe5 32. bxc4 Rg7 33. Rf3 Qb6+ 34.
Kh2 Kf8 35. c5 Qb1 36. Rg3 Ra7 37. c6 Ra1 38. Qc5+ Kf7 39. d6 h5 40. Qd5+ {#r}
1-0

[Event "EIO (Open)"]
[Site "Pocatello, ID"]
[Date "2009.09.26"]
[Round "3.2"]
[White "Owen, Gary"]
[Black "Roland, Jeffrey T"]
[Result "0-1"]
[WhiteElo "1598"]
[BlackElo "1787"]

1. e4 e5 2. Nf3 Nc6 3. Bb5 a6 4. Ba4 Nf6 5. O-O Nxe4 6. d4 b5 7. Bb3 d5 8.
dxe5 Be6 9. Nbd2 Nc5 10. c3 d4 11. Bxe6 Nxe6 12. Ne4 Qd5 13. Re1 Rd8 14. Bg5
Nxg5 15. Nexg5 Be7 16. Qc2 h6 17. Nh3 g5 18. e6 f5 19. Ne5 Nxe5 20. Qxf5 Nf3+
21. Qxf3 Qxf3 22. gxf3 dxc3 23. bxc3 O-O 24. Kg2 Rf6 25. Re3 Kf8 26. Ng1 Bd6
27. Rae1 Ke7 28. Re4 c5 29. R1e2 Bc7 30. c4 b4 31. h4 Rg8 32. h5 Rd8 33. Kh3
Rd1 34. Re1 Rd6 35. Kg4 a5 36. R1e2 Rd1 37. Nh3 a4 38. R2e3 Rd2 39. Re2 Rxe2
40. Rxe2 Rxe6 41. Ng1 Bh2 42. Rxe6+ Kxe6 43. Ne2 b3 44. axb3 axb3 45. Nc3 b2
46. Nb1 Ke5 47. Na3 Bf4 48. Nb1 Kd4 49. Na3 Kc3 50. Kf5 Kb3 51. Nb1 Kxc4 52.
Kg6 Kb3 53. Kf5 c4 {#R} 0-1

[Event "EIO (Open)"]
[Site "Pocatello, ID"]
[Date "2009.09.27"]
[Round "4.1"]
[White "Roland, Jeffrey T"]
[Black "Morrow, Hans M"]
[Result "1/2-1/2"]
[WhiteElo "1787"]
[BlackElo "1912"]

1. e4 c5 2. Nc3 Nc6 3. g3 Nf6 4. d3 h6 5. Bg2 d6 6. Nce2 Qc7 7. f4 Bg4 8. Nf3
e5 9. O-O Be7 10. c3 Bxf3 11. Bxf3 Nh7 12. fxe5 dxe5 13. Be3 Ng5 14. Bg2 O-O
15. Qc2 Qd7 16. h4 Nh7 17. Kh2 Nf6 18. Bg1 Ng4+ 19. Kh1 b6 20. Rad1 Rac8 21.
Nc1 g5 22. Bf2 f5 23. exf5 Rxf5 24. Be4 Rf7 25. Bg1 Rcf8 26. Rxf7 Rxf7 27. h5
Kg7 28. Qg2 Nd8 29. Rf1 Rxf1 30. Qxf1 Nf6 31. Bg6 Qg4 32. Qe2 Qxe2 33. Nxe2
{#d} 1/2-1/2

[Event "EIO (Open)"]
[Site "Pocatello, ID"]
[Date "2009.09.27"]
[Round "4.4"]
[White "Abernathy, Caleb Patrick"]
[Black "Kircher, Caleb Paul"]
[Result "0-1"]
[WhiteElo "1364"]
[BlackElo "1557"]

1. e4 d5 2. exd5 Nf6 3. c4 c6 4. dxc6 Nxc6 5. g3 e5 6. Bg2 Bf5 7. Nc3 Bc5 8.
Bxc6+ bxc6 9. Qf3 Bd7 10. Ne4 Nxe4 11. Qxe4 O-O 12. Nf3 Qf6 13. O-O Rae8 14.
Re1 Bf5 15. Qh4 Qd6 16. Qg5 g6 17. b3 f6 18. Qh4 e4 19. Bb2 exf3 20. Rxe8 Rxe8
21. Qxf6 Qxf6 22. Bxf6 Re2 23. d4 Bd6 24. c5 Bc7 25. b4 Kf7 26. Bg5 Be6 27.
Rc1 Rxa2 28. Rc3 Bd5 29. h4 Re2 30. Rd3 Ke6 31. Re3+ Kf5 32. Kf1 Rxe3 33. Bxe3
Ke4 34. Ke1 Bxg3 35. Kd2 Bf4 36. Bxf4 Kxf4 37. Kd3 a6 38. Kd2 Kg4 39. Ke3 Kxh4
40. Kf4 g5+ 41. Kf5 h5 42. Kf6 g4 43. Kf5 g3 44. fxg3+ Kxg3 45. Ke5 f2 46. Kd6
f1=Q 47. Kc7 Qf7+ 48. Kb6 Qd7 49. Kxa6 Qc7 50. b5 Bc4 51. d5 Bxb5# 0-1